000 00808nam a2200229 4500
999 _c13473
_d13473
003 MIRAKIL
005 20190909165319.0
008 190909b tu ||||| |||| 00| 0 tur d
020 _a9786051051352
040 _aTR-AnCHP
_cTR-AnCHP
041 _atur
082 _a956.10154
_bD75o 2014
100 _aDönmez, Ahmet
245 1 0 _aOsmanlı modernleşmesinde İngiliz etkisi :
_bdiplomasi ve reform (1833-1841) /
_cAhmet Dönmez.
260 _aİstanbul:
_bKitap yayınevi,
_c2014.
300 _a352 s.:
_bfotg.,
_c21 sm.
490 0 _aKitap yayınevi ;
_aTarih ve Coğrafya dizis ;
_v 299.
_v94.
504 _aKaynakça ve dizin vardır.
650 0 _9710
_aOsmanlı İmparatorluğu
_xDış ilişkiler
_zİngiltere
650 0 _9710
_aOsmanlı İmparatorluğu
_xmodernleşme
_zİngiltere
942 _2ddc
_cBKS